00748nam a2200241 a 4500001001300000003000900013005001700022008004100039020002300080082001300103100002600116245006900142260003400211300000900245500003500254505001800289650002700307700002600334902000800360942000700368952011400375999001700489nice12345678IN_TiNIC20260116014456.0070502s2006 newa grp 000 0 eng  a8190227270 c49500a954bVEN aVenkaachalapathy, A R aIn Those Days There Was No Coffeeb Writings in Cultural History aNew Delhi bYoda Press c2006 a199p aincludes index and biblioraphy2 abiblio, index aIndia-Cultural History1 aVenkaachalapathy, A R bSRS cBK 001040708StackRoom-aHMIbHMId2007-05-02g495.00l0o954 VENp021802r2007-05-02v495.00w2007-05-02yBK c15518d15518